A locomotiva tchaaf (Registo nº 28681)

Detalhes MARC
000 -Etiqueta do registo
Valores 00670cam a2200253 4500
090 ## -
-- 28681
095 ## -
-- PTBN00927149
100 ## - Dados gerais de processamento
Dados gerais 20071919d1980 ac y0pory5003 ba
101 0# - Língua de publicação
-- por
102 ## - País de publicação
-- PT
200 1# - Titulo e menção de responsabilidade
Título próprio A locomotiva tchaaf
Primeira menção de responsabilidade Carlos Correia
Outras menções de responsabilidade il. Francisco Relógio
210 ## - Publicação
Local de publicação Lisboa
Nome do editor Sá da Costa,
Data de publicação cop. 1980
215 ## - Descrição física 
Paginação / Volumes 30 p.
Outras indicações físicas il.
Dimensões 18 cm
225 2# - Colecção 
Título próprio da colecção Roda livre
675 ## - CDU
Notação 087.5
Edição med
Língua fre
675 ## - CDU
Notação 821.134.3-94"19" (043.2)
Edição med
Língua fre
700 #1 - Autor principal (pessoa individual)
Apelido Correia,
Nome Carlos
702 #1 - Autor secundário (pessoa individual)
Apelido Relógio,
Nome Francisco,
Datas 1926-1997
-- 440
801 #0 - Fonte de origem
País PT
Agência BN
Regras de catalogação RPC
930 ## -
-- BECRE
998 ## -
-- EEL13-55
990 ## - Elementos KOHA
Tipo de documento Livro
995 ## - Localização e informação dos exemplares
-- 18
995 ## - Localização e informação dos exemplares
-- 18
995 ## - Localização e informação dos exemplares
-- 18
995 ## - Localização e informação dos exemplares
-- 18
995 ## - Localização e informação dos exemplares
-- 18
Exemplares
Situação do levantamento Estado Biblioteca de origem Biblioteca de empréstimo Código de barras Cota Permissão de empréstimo Tipo de documento
  Completo Biblioteca da Escola Básica de Aguiar Biblioteca da Escola Básica de Aguiar 356BA 087.5 COR Disponível Livro
  Completo Biblioteca da Escola Básica de Aguiar Biblioteca da Escola Básica de Aguiar 357BA 087.5 COR Disponível Livro
  Completo Biblioteca do Centro Escolar de Viana do Alentejo Biblioteca do Centro Escolar de Viana do Alentejo 1218BV 087.5 COR Disponível Livro
  Completo Biblioteca do Centro Escolar de Viana do Alentejo Biblioteca do Centro Escolar de Viana do Alentejo 1219BV 087.5 COR Disponível Livro
  Completo Biblioteca do Centro Escolar de Viana do Alentejo Biblioteca do Centro Escolar de Viana do Alentejo 1217BV 087.5 COR Disponível Livro




Powered by Koha